Middle East Countries: Who is bombing whom? - Statistics

General Stats
  • This quiz has been taken 188 times
  • The average score is 19 of 28
Answer Stats
Target Aggressor % Correct
Iraq Saudi Arabia
94%
Syria Saudi Arabia
94%
Yemen Saudi Arabia
94%
Iraq United States
94%
Syria United States
94%
Iraq Iran
91%
Syria Israel
91%
Iraq United Kingdom
87%
Syria United Kingdom
87%
Iraq France
81%
Syria France
81%
Syria Syria
81%
Libya Egypt
80%
Iraq Iraq
70%
Iraq United Arab Emirates
69%
Syria United Arab Emirates
69%
Iraq Canada
66%
Syria Canada
66%
Iraq Jordan
63%
Syria Jordan
63%
Iraq Australia
43%
Syria Australia
43%
Iraq Bahrain
41%
Syria Bahrain
41%
Iraq Netherlands
28%
Syria Netherlands
28%
Iraq Denmark
16%
Syria Denmark
16%
No matching quizzes found
Score Distribution
Percent of People with Each Score
Percentile by Number Answered
Your Score History
You have not taken this quiz